Statistics for Capitals Word Search #2

Click here to take the quiz!

General Stats

  • This quiz has been taken 243 times
  • The average score is 9 of 12

Answer Stats

Capital % Correct
Yerevan
92%
Baku
92%
Suva
84%
Vienna
83%
Zagreb
79%
Accra
78%
Vaduz
77%
Minsk
73%
Roseau
71%
Dakar
69%
Rome
68%
Yaounde
65%

Score Distribution

Percentile by Number Answered

Percent of People with Each Score

Your Score History

You have not taken this quiz